Taylor swift lyrics - Statistics

General Stats
  • This quiz has been taken 24 times
  • The average score is 10 of 12
Answer Stats
Question Answer % Correct
New years day-----there's glitter on the floor After the party
100%
Would've could've should've---------I would've stayed On my knees
100%
All too well-------mabey this thing was a masterpiece Till you tore it all up
100%
Paper rings-------I'd like to Drive away with you
86%
Invisible string-------at sintenial Park I used to think I'd meet somebody there
86%
Fifteen-------you sit In class next to a __________ named _________ Redhead named Abigail
86%
So high school-------truth dare Spin bottles
86%
I know places----they are the hunters we are The foxes
86%
Marjorie---------you'd always go past Where our feet could touch
86%
Picture to burn-------and if your missin' me you better keep it to yourself cause Coming back around here wouldbe bad for your health
71%
Ours-------don't you worry your pretty little Mind
71%
Christmas tree farm------they wake to see a blanket of snow Sweet dreams of Holly and ribbon
57%
No matching quizzes found
Score Distribution
Percent of People with Each Score
Percentile by Number Answered
Your Score History
You have not taken this quiz